LEADER 03158nam a2200553 u 4500 001 000000019289 003 CaOOAMICUS 005 20070226110754.0 008 950208s1994 it acf u000 u ita u 020 $a8802047979 035 $a10463707 040 $aPUL$bita$dIAR 041 0 $aita$beng 245 02$aL'Italia e la formazione della civiltà europea.$n2,$pLetteratura e vita intellettuale /$ca cura di Francesco Bruni. 246 30$aLetteratura e vita intellettuale 260 $aTorino :$bUTET,$c1994. 300 $axxiii, 389 p. :$bIll., Portraits, Tafeln, ;$c29 cm 500 $aEnglish summaries. 500 $aIndex: p. [380]-389. 504 $aBibliographie: p. [362]-379. 650 0$aItalian literature$xInfluence.$2//eng$0(OLS)http://pul/subject/13004 651 0$aEurope$xCivilization$xItalian influences.$2//eng$0(OLS)http://pul/subject/13002 651 0$aEurope$xIntellectual life.$2//eng$0(OLS)http://pul/subject/13005 651 0$aItaly$xIntellectual life.$2//eng$0(OLS)http://pul/subject/13003 700 1 $aBruni, Francesco.$0(OLS)http://pul/name/15597 774 0 $aVilla, Claudia.$tTesti medi e letteratura di intrattimento$w()96490 774 0 $aFrova, Carla.$tLe università medievali : Fenomeno europeo$w()96491 774 0 $aBruni, Francesco.$tL'irradiazione del francescanesimo : Tre episodi$w()96492 774 0 $aRico, Francisco.$tL'umanesimo da Petrarca a Erasmo e Vives$w()96493 774 0 $aMiglio, Luisa.$tDalla scrittura umanistica alle edizioni di Aldo Manuzio$w()96494 774 0 $aCiavolella, Massimo.$tLa trattatistica amorosa nel Rinascimento$w()96495 774 0 $aGuglielminetti, Marziano.$tLa fine della "Res publica cristiana" nel XVII secolo$w()96496 774 0 $aGronda, Giovanna.$tDiaspora italiana e cosmopolitismo settecentesco$w()96497 774 0 $aBottoni, Luciano.$tItinerari ottocenteschi d0incerta fortuna$w()96498 774 0 $aIannucci, Amilcare A.$tLa ricezione della letteratura italiana antica e moderna nel XX secolo$w()96499 774 0 $aBec, Christian.$tScrittori italiani in Francia$w()96500 774 0 $aGargano, Antonio.$tLa "fortune d'une litterature" : La ricezione della letteratura italiana in Spagna$w()96501 774 0 $aBoitani, Piero.$tIl trecento letterario italiano : Chaucer e la lunga durata$w()96502 774 0 $aPustianaz, Marco.$tLetteratura italiana in Inghilterra dal secolo XVI all'inizio del Novecento$w()96503 774 0 $aCusatelli, Giorgio.$tIl mondo germanico$w()96504 774 0 $aAllegri, Mario.$tL'area austro-tedesca nel sei-settecento$w()96505 850 $aPUL 852 $aPUL$W1$xSL Cons. Gen., Altre Classi 1$y1$m1396 E 26$j27139$nBK-PRI$b $qStampati$B27139$CPULBib$Z2$F27139 $H $81 941 1 $a8 961 $aINV: 80082 996 $6020$a8802047979$9(OLS)http://pul/number/24683 996 $6245$aL'Italia e la formazione della civiltà europea.$n2,$pLetteratura e vita intellettuale$9(OLS)http://pul/title/27322 996 $6246$aLetteratura e vita intellettuale$9(OLS)http://pul/title/27323 996 $6260$aTorino :$bUTET$9(OLS)http://pul/publisher/48088 LEADER 01309nam a2200265 a 4500 001 000000122212 003 CaOOAMICUS 005 20100611100334.0 008 100611s2008 sp m 001 0 spa r 020 $a978-84-8455-283-3 040 $aPUL$bita$dReb 082 04$a322 100 1 $aRomán Castro, Francisco,$csac.,$d1967-$0(OLS)http://pul/name/74894 245 10$aIncidencia del Estado autonomico en las relaciones Iglesia-Estado :$blos acuerdos de los obispos del sur de Espana con la junta de Andalucia /$cFrancisco Román Castro. 260 $aSevilla :$bFundacion Cajasol,$c2008. 300 $a469 p. ;$c24 cm 504 $aBibliografia p. [425]-463. 650 4$aChiesa e stato$zSpagna.$0(OLS)http://pul/subject/1717 850 $aPUL 852 $aPUL$W1$xSL Diritto e Scienze Sociali 3$y79$m322 CASFR 1$j140271$qDDC 21$B139448$CPULBib$Z2$F139448 $H109442 $82 941 1 $a9 996 $6020$a978-84-8455-283-3$9(OLS)http://pul/number/144544 996 $6082$a322$9(OLS)http://pul/classification/512 996 $6245$aIncidencia del Estado autonomico en las relaciones Iglesia-Estado :$blos acuerdos de los obispos del sur de Espana con la junta de Andalucia$9(OLS)http://pul/title/150710 996 $6260$aSevilla :$bFundacion Cajasol$9(OLS)http://pul/publisher/81346